000 00254nam a2200109Ia 4500
008 231212s1971 xx 000 0 und d
041 _aeng
082 _a621.9
100 _aIzyvmov N.
245 _aFundamental of Radio
260 _aMascow
_bMir Pub
_c1971
999 _c958503
_d958503